Thuốc và sức khỏe

Sparad:
Bibliografiska uppgifter
Materialtyp: Bok
Språk:Undetermined
Publicerad: Hà Nội Hội dược học Việt Nam 2020
Ämnen:
Taggar: Lägg till en tagg
Inga taggar, Lägg till första taggen!
Thư viện lưu trữ: Trung tâm Học liệu Trường Đại học Cần Thơ
LEADER 00511nam a2200181Ia 4500
001 CTU_235680
008 210402s9999 xx 000 0 und d
020 |c 9900 
082 |a 613 
082 |b Th514 
245 0 |a Thuốc và sức khỏe 
245 0 |c Hội Dược học Việt Nam 
260 |a Hà Nội 
260 |b Hội dược học Việt Nam 
260 |c 2020 
650 |a Medicine,Thuốc 
904 |i T.Trang 
980 |a Trung tâm Học liệu Trường Đại học Cần Thơ